Non-Film Lord of the Rings Characters Quiz Stats

 Plays Quiz not verified by Sporcle

Also try: 'C' Authors
Challenge
Share
Tweet
Embed
Score 0/14 Timer 05:00
0 Plays Today
Description Character % Correct
The mysterious master of wood, water, and hill who can resist the power of the Ring; character whose omission from the film caused perhaps the greatest outcry.Tom Bombadil
96.8%
Gimli's father and former compainion of Bilbo; attended the Council of Elrond.Gloin
90%
A wizard who was obsessed with nature, he unknowingly sent Gandalf to be imprisoned by Saruman; he also unknowingly sprung Gandalf when he sent Gwaihir the Eagle to Orthanc.Radagast
79.5%
The 'River-woman's daughter' and the wife of an earlier answer to this quiz.Goldberry
74.6%
Led Frodo and companions to the safety of Rivendell (replaced by Arwen in the films).Glorfindel
73.3%
Hobbit who tended Frodo's second house (not Bag End) to keep up appearances; met a Ringwraith; refused to leave the Shire with the other hobbits.Fredegar Bolger
66.9%
Gondorian guard and friend to Pippin; left his guard post and attempted to save Faramir when Denethor tried to burn him alive.Beregond
64.8%
Description Character % Correct
The prince of Dol Amroth; fought alongside the soldiers of Minas Tirith and became one of Aragorn's chief advisors throughout the battle sequences.Imrahil
54.7%
Spied on the hobbits in Bree and reported their comings and goings to the Nazgul; the hobbits bought a pony from him that bore his name. Bill Ferny
52.2%
Elrond's twin sons and friends to Aragorn and his northern Rangers; may have made a brief cameo appearance, but were not given their full book roles.Elladan and Elrohir
49.4%
The previous answer's son; also a good friend of Pippin's.Bergil
43.4%
Commander of the Westfold in Rohan; rides in with Gandalf to break the siege of the Uruk-hai at Helm's Deep (his role was replaced by Eomer in the movies). Erkenbrand
38.2%
Leader of the Druedain who led Theoden and the Rohirrim safely and quickly to Minas Tirith to confront the armies of Mordor.Ghan-buri-Ghan
35.4%
Folksy Gondorian woman who worked in the Houses of Healing; recognized the need for a king's healing power when Faramir came to be in her care.Ioreth
24.5%

You're not logged in!

Compare scores with friends on all Sporcle quizzes.
Join for Free
OR
Log In

You Might Also Like...

Show Comments

Extras

Top Quizzes Today


Score Distribution

Your Account Isn't Verified!

In order to create a playlist on Sporcle, you need to verify the email address you used during registration. Go to your Sporcle Settings to finish the process.

Report this User

Report this user for behavior that violates our Community Guidelines.

Details: